Jamie Oliver's food escapes : (Record no. 1837)

MARC details
000 -LEADER
fixed length control field 02027cam a22004937i 4500
001 - CONTROL NUMBER
control field data
005 - DATE AND TIME OF LATEST TRANSACTION
control field 20260322212120.0
008 - FIXED-LENGTH DATA ELEMENTS--GENERAL INFORMATION
fixed length control field data
035 ## - SYSTEM CONTROL NUMBER
System control number 18689904
010 ## - LIBRARY OF CONGRESS CONTROL NUMBER
LC control number 2015431100
020 ## - INTERNATIONAL STANDARD BOOK NUMBER
International Standard Book Number 9781401324414
020 ## - INTERNATIONAL STANDARD BOOK NUMBER
International Standard Book Number 140132441X
035 ## - SYSTEM CONTROL NUMBER
System control number (OCoLC)768344851
040 ## - CATALOGING SOURCE
Original cataloging agency CNSPL
Language of cataloging eng
Transcribing agency CNSPL
Description conventions rda
Modifying agency DLC
-- BDX
-- YDXCP
-- CGP
-- JO3
-- OCLCO
-- CZA
-- OCLCF
-- MYNLM
-- IBI
-- DLC
042 ## - AUTHENTICATION CODE
Authentication code lccopycat
050 00 - LIBRARY OF CONGRESS CALL NUMBER
Classification number TX725.A1
Item number O3857 2011
082 04 - DEWEY DECIMAL CLASSIFICATION NUMBER
Classification number 641/.59
Edition information 22
100 1# - MAIN ENTRY--PERSONAL NAME
Personal name Oliver, Jamie,
Dates associated with a name 1975-
245 10 - TITLE STATEMENT
Title Jamie Oliver's food escapes :
Remainder of title over 100 recipes from the great food regions of the world /
Statement of responsibility, etc. photography by David Loftus.
246 30 - VARYING FORM OF TITLE
Title proper/short title Food escapes
250 ## - EDITION STATEMENT
Edition statement 1st U.S. ed.
264 #1 - PRODUCTION, PUBLICATION, DISTRIBUTION, MANUFACTURE, AND COPYRIGHT NOTICE
Place of production, publication, distribution, manufacture New York :
Name of producer, publisher, distributor, manufacturer Hyperion,
Date of production, publication, distribution, manufacture, or copyright notice [2011]
300 ## - PHYSICAL DESCRIPTION
Extent 359 pages :
Other physical details illustrations, color ;
Dimensions 26 cm.
336 ## - CONTENT TYPE
Content type term text
Source rdacontent
336 ## - CONTENT TYPE
Content type term still image
Source rdacontent
337 ## - MEDIA TYPE
Media type term unmediated
Source rdamedia
338 ## - CARRIER TYPE
Carrier type term volume
Source rdacarrier
500 ## - GENERAL NOTE
General note Includes an index.
505 0# - FORMATTED CONTENTS NOTE
Formatted contents note Spain -- Italy -- Sweden -- Morocco -- Greece -- France.
520 ## - SUMMARY, ETC.
Summary, etc. Taking readers on a culinary adventure around the world, the chef features recipes from six of his favorite countries, including Spain, Morocco, and Sweden, that are authentic and infused with incredible flavor.
650 #0 - SUBJECT ADDED ENTRY--TOPICAL TERM
Topical term or geographic name entry element International cooking.
650 #0 - SUBJECT ADDED ENTRY--TOPICAL TERM
Topical term or geographic name entry element Cooking, Spanish.
650 #0 - SUBJECT ADDED ENTRY--TOPICAL TERM
Topical term or geographic name entry element Cooking, Italian.
650 #0 - SUBJECT ADDED ENTRY--TOPICAL TERM
Topical term or geographic name entry element Cooking, Swedish.
650 #0 - SUBJECT ADDED ENTRY--TOPICAL TERM
Topical term or geographic name entry element Cooking, Moroccan.
650 #0 - SUBJECT ADDED ENTRY--TOPICAL TERM
Topical term or geographic name entry element Cooking, Greek.
650 #0 - SUBJECT ADDED ENTRY--TOPICAL TERM
Topical term or geographic name entry element Cooking, French.
700 1# - ADDED ENTRY--PERSONAL NAME
Personal name Loftus, David.
856 42 - ELECTRONIC LOCATION AND ACCESS
Materials specified Contributor biographical information
Uniform Resource Identifier <a href="http://www.loc.gov/catdir/enhancements/fy1604/2015431100-b.html">http://www.loc.gov/catdir/enhancements/fy1604/2015431100-b.html</a>
856 42 - ELECTRONIC LOCATION AND ACCESS
Materials specified Publisher description
Uniform Resource Identifier <a href="http://www.loc.gov/catdir/enhancements/fy1604/2015431100-d.html">http://www.loc.gov/catdir/enhancements/fy1604/2015431100-d.html</a>
906 ## - LOCAL DATA ELEMENT F, LDF (RLIN)
a 7
b cbc
c copycat
d 2
e ncip
f 20
g y-gencatlg
925 0# -
-- acquire
-- 1 shelf copy
-- policy default
Holdings
Withdrawn status Lost status Damaged status Not for loan Home library Current library Shelving location Date acquired Total checkouts Full call number Barcode Date last seen Price effective from Koha item type
        Centerville Centerville General stacks 22/03/2026   641/.59 LOC-CPL-00005 22/03/2026 22/03/2026 Books